000 01034naa a22002897a 4500
001 BR8105200
003 BR-BrBNA
005 20240918174834.0
007 ta
008 230509b bl.||||| |||| 00| 0 por d
040 _aBR-BrBNA
_bpor
_cBiblioteca Nacional de Agricultura
041 _a(Pt)
072 _aP05
090 _aP05 BR8105200
100 1 _aFernandes, L.C.V.
111 1 _a2. Congresso Brasileiro de Energia
_cRio de Janeiro, RJ (Brazil)
_dApr 1981
245 1 _aUm termo-oscilador para bombeamento de liquidos [calor, recurso energetico]
260 3 _aRio de Janeiro, RJ (Brasil):
_c1981.
500 _aAnais do 2. Congresso Brasileiro de Energia Rio de Janeiro, RJ (Brasil): 1981. v. 3 p. 1067-1074 (BR8105200-AM)P05
650 _aENERGIA SOLAR
650 _aAGUA
650 _aBOMBA D'AGUA
650 _aCALOR
773 0 _tAnais do 2. Congresso Brasileiro de Energia
_wP05 BR8105200
_gRio de Janeiro, RJ (Brasil), 1981. v. 3 p. 1067-1074
909 _a202404
_bLucia
_c55
_dLucia Elande
942 _cAM
_2AGRIS
999 _c313928
_d313928